000 00655nam a2200205Ia 4500
001 21094
003 GE_BSU
008 181216s||||||||xx |||||||||||||| ||und||
040 _cGE_BSU
245 _aГорная механика и машиностроение № 2. 2017
245 _bНаучно-технический журнал
245 _cГл. ред. В.Я. Щерба
260 _aМосква
260 _c2017
300 _a97 стр. 29 см. илл.
653 _aГорная механика и машиностроение № 2. 2017
653 _aПериодика
653 _aპერიოდიკა
942 _cCR
999 _c54042
_d54042